[Event "4NCL/Div1/WG1-BARB1"]
[Site "Birmingham ENG"]
[Date "2002.??.??"]
[Round "8.3"]
[White "Agdestein, Simen"]
[Black "Knott, Simon"]
[Result "1-0"]
[WhiteElo "2572"]
[BlackElo "2383"]
[PlyCount "67"]
[EventDate "2002.??.??"]
[SourceDate "2001.01.01"]

1. e4 e6 2. d4 d5 3. Nc3 Bb4 4. e5 c5 5. a3 Bxc3+ 6. bxc3 Nc6 7. Qg4 g6 8. Nf3
Qa5 9. Bd2 Qa4 10. Ra2 Bd7 11. Qf4 c4 12. Be2 h6 13. O-O Rh7 14. Qh4 Rg7 15.
Rb1 b6 16. g4 g5 17. Qh3 O-O-O 18. Ne1 Rf8 19. Ng2 f6 20. exf6 Nxf6 21. Qxh6
Rgg8 22. f3 e5 23. dxe5 Nxe5 24. Qh3 Qa5 25. Re1 Re8 26. Qg3 Nf7 27. Raa1 Rh8
28. Bf1 d4 29. Bxc4 dxc3 30. Rxe8+ Bxe8 31. Be3 Ne5 32. Ba6+ Kb8 33. Bd4 Nfd7
34. Re1 1-0

[Event "4NCL/Div1/WG1-BARB1"]
[Site "Birmingham ENG"]
[Date "2002.??.??"]
[Round "8.4"]
[White "Crouch, Colin S"]
[Black "Baburin, Alexander"]
[Result "0-1"]
[WhiteElo "2360"]
[BlackElo "2565"]
[PlyCount "108"]
[EventDate "2002.??.??"]
[SourceDate "2001.01.01"]

1. d4 d5 2. Nf3 c5 3. dxc5 e6 4. e4 Nf6 5. exd5 Qxd5 6. Bd3 Bxc5 7. Nc3 Qh5 8.
Ne2 Be7 9. O-O Nc6 10. Ng3 Qa5 11. Qe2 Qc7 12. a3 O-O 13. Re1 b6 14. c4 Bb7 15.
b4 a5 16. b5 Nb8 17. Bb2 Nbd7 18. Ne5 Nc5 19. Bc2 Rad8 20. Ng4 Nxg4 21. Qxg4 g6
22. Qe2 f6 23. Rad1 Rxd1 24. Rxd1 Rd8 25. Rxd8+ Qxd8 26. Nf1 e5 27. h4 Ne6 28.
Be4 Nf4 29. Qf3 Bxe4 30. Qxe4 Bc5 31. Bc1 f5 32. Qf3 Nd3 33. Bg5 e4 34. Bxd8
exf3 35. gxf3 Bxf2+ 36. Kg2 Kf7 37. Nd2 Ke8 38. Bf6 a4 39. Kf1 Kf7 40. Ke2 Kxf6
41. Kxd3 Ke5 42. Nb1 Bxh4 43. Nc3 Bf2 44. Nxa4 h5 45. f4+ Kxf4 46. c5 bxc5 47.
Ke2 Bd4 48. b6 c4 49. b7 Ba7 50. Nc3 h4 51. Nb5 Bb8 52. Nd4 h3 53. Kf1 c3 54.
Ne2+ Kf3 0-1

[Event "4NCL/Div1/WG1-BARB1"]
[Site "Birmingham ENG"]
[Date "2002.??.??"]
[Round "8.5"]
[White "Emms, John M"]
[Black "Ferguson, Mark"]
[Result "1/2-1/2"]
[WhiteElo "2537"]
[BlackElo "2376"]
[PlyCount "58"]
[EventDate "2002.??.??"]
[SourceDate "2001.01.01"]

1. e4 e5 2. Nf3 Nc6 3. Bb5 Nf6 4. O-O Nxe4 5. d4 Nd6 6. Bxc6 dxc6 7. dxe5 Nf5
8. Qxd8+ Kxd8 9. Nc3 Bd7 10. h3 b6 11. b3 Kc8 12. Bb2 h6 13. Rad1 Ne7 14. Nd4
c5 15. Nde2 h5 16. Nf4 Bf5 17. Rd2 Kb7 18. Ncd5 Nxd5 19. Nxd5 Rd8 20. Rfd1 h4
21. c4 Re8 22. f4 Rh5 23. Kf2 Be6 24. Kf3 Kc8 25. Bc3 Kb7 26. Ne3 Be7 27. Rf2
g6 28. Ke4 Rg8 29. Rfd2 Kc8 1/2-1/2

[Event "4NCL/Div1/WG1-BARB1"]
[Site "Birmingham ENG"]
[Date "2002.??.??"]
[Round "8.6"]
[White "Duncan, Christopher R"]
[Black "Ward, Christopher"]
[Result "0-1"]
[WhiteElo "2336"]
[BlackElo "2486"]
[PlyCount "36"]
[EventDate "2002.??.??"]
[SourceDate "2001.01.01"]

1. c4 b6 2. Nc3 Bb7 3. Nf3 e6 4. g3 Bxf3 5. exf3 c5 6. d4 cxd4 7. Qxd4 Nc6 8.
Qd1 Rc8 9. b3 Nf6 10. Bg2 Bb4 11. Bd2 d5 12. cxd5 Nxd5 13. Nxd5 Qxd5 14. Bxb4
Qe5+ 15. Kf1 Nxb4 16. Rc1 O-O 17. Rxc8 Rxc8 18. h4 Qb2 0-1

[Event "4NCL/Div1/WG1-BARB1"]
[Site "Birmingham ENG"]
[Date "2002.??.??"]
[Round "8.7"]
[White "Pein, Malcolm"]
[Black "Rogers, Jonathan W"]
[Result "1/2-1/2"]
[WhiteElo "2424"]
[BlackElo "2346"]
[PlyCount "29"]
[EventDate "2002.??.??"]
[SourceDate "2001.01.01"]

1. d4 Nf6 2. c4 e5 3. dxe5 Ne4 4. Nf3 Bb4+ 5. Nbd2 Nc6 6. a3 Nxd2 7. Nxd2 Bxd2+
8. Bxd2 Nxe5 9. Bc3 Qe7 10. Qd5 f6 11. e3 d6 12. Rd1 Qf7 13. Be2 O-O 14. Qxf7+
Kxf7 15. O-O 1/2-1/2

[Event "4NCL/Div1/WG1-BARB1"]
[Site "Birmingham ENG"]
[Date "2002.??.??"]
[Round "8.8"]
[White "Kieran, Rosalind"]
[Black "Hunt, Harriet"]
[Result "0-1"]
[WhiteElo "2079"]
[BlackElo "2411"]
[PlyCount "84"]
[EventDate "2002.??.??"]
[SourceDate "2001.01.01"]

1. e4 c6 2. d4 d5 3. Nc3 dxe4 4. Nxe4 Bf5 5. Ng3 Bg6 6. h4 h6 7. h5 Bh7 8. Nf3
Nd7 9. Bd3 Bxd3 10. Qxd3 e6 11. Bd2 Ngf6 12. O-O-O Be7 13. Ne4 a5 14. Kb1 b5
15. Bf4 Nxe4 16. Qxe4 Rc8 17. Ne5 Nf6 18. Qf3 Qd5 19. Qg3 Rg8 20. f3 b4 21. Qe1
Qb5 22. Bd2 c5 23. dxc5 Qxc5 24. c3 Bd6 25. f4 Ke7 26. Be3 Qc7 27. Bd4 Nd5 28.
c4 Bxe5 29. cxd5 Bxd4 30. Rxd4 Rgd8 31. Qd2 exd5 32. Re1+ Kf8 33. Re5 Qc5 34.
Qd1 a4 35. Rexd5 Rxd5 36. Rxd5 Qe7 37. Re5 Qc7 38. Qd2 Qc4 39. Re1 b3 40. axb3
axb3 41. Re5 Qa6 42. Qa5 Qd3+ 0-1

[Event "4NCL/Div1/BG1-TWR"]
[Site "Birmingham ENG"]
[Date "2002.??.??"]
[Round "8.1"]
[White "Hebden, Mark L"]
[Black "Arkell, Keith C"]
[Result "1/2-1/2"]
[WhiteElo "2558"]
[BlackElo "2463"]
[PlyCount "73"]
[EventDate "2002.??.??"]
[SourceDate "2001.01.01"]

1. d4 Nf6 2. Nf3 e6 3. c3 d5 4. Bg5 Be7 5. Nbd2 Nbd7 6. e3 O-O 7. Bd3 b6 8. Qa4
h6 9. Bxf6 Nxf6 10. Ne5 Bb7 11. O-O a6 12. f4 Ne4 13. Qd1 Bd6 14. Rf3 f5 15.
Rh3 Bxe5 16. fxe5 c5 17. Bxe4 fxe4 18. Qg4 Kh7 19. Nf1 Qe7 20. Ng3 cxd4 21.
cxd4 Qf7 22. Rf1 Qg6 23. Qd1 Rxf1+ 24. Nxf1 Rc8 25. Rh4 Qe8 26. Rf4 Rc7 27. h3
a5 28. Ng3 Ba6 29. Nh5 Qc6 30. Qg4 Qc1+ 31. Kh2 Qxe3 32. Qxe6 Be2 33. Qf5+ g6
34. Qf8 Bxh5 35. Rf7+ Rxf7 36. Qxf7+ Kh8 37. Qf8+ 1/2-1/2

[Event "4NCL/Div1/BG1-TWR"]
[Site "Birmingham ENG"]
[Date "2002.??.??"]
[Round "8.2"]
[White "Kirsanov, Oleg"]
[Black "Flear, Glenn C"]
[Result "0-1"]
[WhiteElo "2353"]
[BlackElo "2511"]
[PlyCount "80"]
[EventDate "2002.??.??"]
[SourceDate "2001.01.01"]

1. e4 e5 2. Nf3 Nc6 3. Bc4 Bc5 4. c3 Nf6 5. d3 a6 6. O-O d6 7. Nbd2 Ba7 8. h3
O-O 9. Re1 Na5 10. Bb3 Nxb3 11. Nxb3 h6 12. Be3 Bxe3 13. Rxe3 Re8 14. d4 exd4
15. Qxd4 c5 16. Qd3 b5 17. c4 Bb7 18. e5 bxc4 19. Qxc4 Nd7 20. e6 fxe6 21. Rxe6
Kh8 22. Nbd2 Rxe6 23. Qxe6 Nf6 24. Re1 Bd5 25. Qf5 Qd7 26. Nh4 Re8 27. Rxe8+
Qxe8 28. Ndf3 Be4 29. Qf4 Qe6 30. g4 g5 31. Nxg5 hxg5 32. Qxg5 Nh7 33. Qd8+ Kg7
34. Qc7+ Kh6 35. f4 Qd5 36. Qe7 Qd1+ 37. Kf2 Qd2+ 38. Kf1 Qd1+ 39. Kf2 Qd2+ 40.
Kf1 Qxf4+ 0-1

[Event "4NCL/Div1/BG1-TWR"]
[Site "Birmingham ENG"]
[Date "2002.??.??"]
[Round "8.3"]
[White "McShane, Luke J"]
[Black "Gayson, Peter M"]
[Result "1-0"]
[WhiteElo "2525"]
[BlackElo "2281"]
[PlyCount "121"]
[EventDate "2002.??.??"]
[SourceDate "2001.01.01"]

1. e4 c5 2. Nf3 e6 3. d4 cxd4 4. Nxd4 Nf6 5. Nc3 Nc6 6. Ndb5 Bb4 7. a3 Bxc3+ 8.
Nxc3 d5 9. exd5 exd5 10. Bd3 O-O 11. O-O d4 12. Ne4 Bf5 13. Bg5 Bxe4 14. Bxe4
Qd6 15. Bd3 h6 16. Bh4 Ne5 17. Bg3 Qd5 18. Bxe5 Qxe5 19. Qf3 Qc7 20. Rfe1 Rfe8
21. Qf5 Rad8 22. g3 Qb6 23. Qb5 Qc7 24. Qb4 a5 25. Rxe8+ Nxe8 26. Qb5 Nf6 27.
Re1 b6 28. h4 Kf8 29. Qe5 Qc5 30. Bb5 Qd6 31. Kf1 Qxe5 32. Rxe5 g6 33. Ke1 Ng4
34. Re2 Rd5 35. Re8+ Kg7 36. Be2 Ne5 37. f4 d3 38. fxe5 dxe2 39. Kxe2 b5 40.
Ke3 h5 41. b3 b4 42. axb4 axb4 43. e6 Rc5 44. Kd2 Rd5+ 45. Kc1 Kf6 46. exf7
Kxf7 47. Re4 Rb5 48. Kd2 Kf6 49. c3 bxc3+ 50. Kxc3 Kf5 51. Re3 Rc5+ 52. Kd4 Rc1
53. b4 Rb1 54. Kc5 Rc1+ 55. Kb6 Rb1 56. b5 Kg4 57. Kc6 Rc1+ 58. Kb7 Rb1 59. b6
Rb2 60. Ra3 Rb1 61. Ka7 1-0

[Event "4NCL/Div1/BG1-TWR"]
[Site "Birmingham ENG"]
[Date "2002.??.??"]
[Round "8.4"]
[White "Buckley, Simon T"]
[Black "Chandler, Murray G"]
[Result "0-1"]
[WhiteElo "2249"]
[BlackElo "2543"]
[PlyCount "54"]
[EventDate "2002.??.??"]
[SourceDate "2001.01.01"]

1. e4 c5 2. Nc3 Nc6 3. Bb5 Nd4 4. Ba4 a6 5. d3 b5 6. Bb3 Nxb3 7. axb3 Bb7 8.
Nf3 d6 9. Bg5 Nf6 10. Bxf6 gxf6 11. Nh4 e6 12. Qh5 Qd7 13. O-O Bg7 14. Rfe1
O-O-O 15. b4 cxb4 16. Na2 f5 17. exf5 Bxb2 18. Rab1 Bf6 19. Nf3 Rhg8 20. Rxb4
Kb8 21. c4 exf5 22. cxb5 a5 23. Rf4 Rde8 24. Rf1 Re5 25. Nc3 Rc5 26. Ne2 Rxb5
27. Qxh7 Rh8 0-1

[Event "4NCL/Div1/BG1-TWR"]
[Site "Birmingham ENG"]
[Date "2002.??.??"]
[Round "8.5"]
[White "Summerscale, Aaron"]
[Black "Barrett, Steve J"]
[Result "1-0"]
[WhiteElo "2503"]
[BlackElo "2199"]
[PlyCount "105"]
[EventDate "2002.??.??"]
[SourceDate "2001.01.01"]

1. d4 Nf6 2. c4 g6 3. Nc3 Bg7 4. e4 d6 5. Nf3 O-O 6. Be2 Bg4 7. Be3 c5 8. dxc5
Qa5 9. Nd2 Bxe2 10. Qxe2 dxc5 11. Nb3 Qc7 12. Nxc5 b6 13. Nb3 Rc8 14. Nd5 Nxd5
15. cxd5 Nd7 16. Nd4 Ne5 17. O-O Qc4 18. Qd2 Ng4 19. Rfc1 Qa4 20. b3 Qd7 21.
Rxc8+ Rxc8 22. Rc1 Rxc1+ 23. Qxc1 Nxe3 24. Qxe3 e6 25. Nc6 Bf8 26. Qg5 exd5 27.
Qxd5 Qxd5 28. exd5 a5 29. Kf1 Bc5 30. Ke2 Kf8 31. f3 Ke8 32. Kd3 Kd7 33. g4 Kd6
34. Ke4 f5+ 35. gxf5 gxf5+ 36. Kxf5 Kxd5 37. Ne5 Kd4 38. f4 Kc3 39. Nd7 Bd4 40.
Ke4 b5 41. f5 a4 42. bxa4 bxa4 43. f6 a3 44. f7 Bg7 45. f8=Q Bxf8 46. Nxf8 Kb2
47. Kd3 Kxa2 48. Kc2 Ka1 49. Ne6 h5 50. Nd4 h4 51. Nb3+ Ka2 52. Nc1+ Ka1 53. h3
1-0

[Event "4NCL/Div1/BG1-TWR"]
[Site "Birmingham ENG"]
[Date "2002.??.??"]
[Round "8.6"]
[White "Burnett, James"]
[Black "Cherniaev, Alexander"]
[Result "0-1"]
[WhiteElo "2218"]
[BlackElo "2472"]
[PlyCount "122"]
[EventDate "2002.??.??"]
[SourceDate "2001.01.01"]

1. Nf3 Nf6 2. g3 g6 3. Bg2 Bg7 4. c4 O-O 5. Nc3 d6 6. O-O Nc6 7. d4 Rb8 8. d5
Na5 9. Nd2 Nd7 10. Qc2 Ne5 11. b3 c6 12. Bb2 b5 13. cxb5 cxb5 14. Nf3 b4 15.
Ne4 Bf5 16. Nd4 Rc8 17. Qd2 Qb6 18. e3 Bxe4 19. Bxe4 Nb7 20. f4 Nc5 21. Bc2 Ng4
22. h3 Nf6 23. Qg2 Rc7 24. Rad1 Rfc8 25. Bb1 a5 26. Kh1 a4 27. e4 Qb7 28. Rfe1
axb3 29. axb3 e6 30. dxe6 fxe6 31. f5 e5 32. Ne6 Nxe6 33. fxe6 Bf8 34. Bd3 Be7
35. Bc4 Rxc4 36. bxc4 Rxc4 37. Qf3 Rxe4 38. Rxe4 Qxe4 39. Qxe4 Nxe4 40. Kg2 Nc5
41. Rb1 Kg7 42. Ba1 Kf6 43. Rxb4 Kxe6 44. Rb8 d5 45. Bc3 Nd3 46. Kf3 e4+ 47.
Ke2 Bc5 48. Re8+ Kd7 49. Rh8 d4 50. Rxh7+ Ke6 51. Ba5 Ne5 52. Rh8 d3+ 53. Kd1
e3 54. h4 e2+ 55. Kd2 Bf2 56. Re8+ Kd5 57. Rxe5+ Kxe5 58. Kxd3 e1=Q 59. Bxe1
Bxe1 60. h5 g5 61. g4 Bb4 0-1

[Event "4NCL/Div1/BG1-TWR"]
[Site "Birmingham ENG"]
[Date "2002.??.??"]
[Round "8.7"]
[White "Norwood, David"]
[Black "Gourlay, Iain"]
[Result "1-0"]
[WhiteElo "2507"]
[BlackElo "2183"]
[PlyCount "43"]
[EventDate "2002.??.??"]
[SourceDate "2001.01.01"]

1. g3 Nf6 2. Bg2 c5 3. c4 d5 4. cxd5 Nxd5 5. Nc3 Nc7 6. Nf3 Nc6 7. O-O e5 8. d3
Be7 9. Be3 Be6 10. Rc1 Rc8 11. a3 Qd7 12. Ne4 b6 13. b4 Nd5 14. bxc5 Nxe3 15.
fxe3 f5 16. Neg5 Bxc5 17. d4 exd4 18. Nxe6 Qxe6 19. exd4 Qe3+ 20. Kh1 Bxa3 21.
Rxc6 Rxc6 22. Qa4 1-0

[Event "4NCL/Div1/BG1-TWR"]
[Site "Birmingham ENG"]
[Date "2002.??.??"]
[Round "8.8"]
[White "Keeling, Karen"]
[Black "Sheldon, Ruth"]
[Result "0-1"]
[WhiteElo "2048"]
[BlackElo "2310"]
[PlyCount "88"]
[EventDate "2002.??.??"]
[SourceDate "2001.01.01"]

1. c4 Nf6 2. g3 g6 3. Bg2 Bg7 4. Nc3 O-O 5. d3 e5 6. e4 d6 7. Nge2 c6 8. O-O
Be6 9. Bg5 h6 10. Be3 Na6 11. Kh1 Ng4 12. Bd2 Nc5 13. Be1 f5 14. b4 Nd7 15. h3
Ngf6 16. exf5 gxf5 17. f4 Qe8 18. Rb1 a5 19. a3 axb4 20. axb4 Qh5 21. Kg1 Qg6
22. Qd2 Nh5 23. Kh2 Ndf6 24. b5 Bd7 25. Bf2 Kh8 26. Rb3 Rg8 27. Rg1 Qf7 28.
Rgb1 Rae8 29. bxc6 Bxc6 30. Bxc6 bxc6 31. Rb7 Re7 32. R7b6 Rc7 33. Rb8 Nd7 34.
Rxg8+ Qxg8 35. Be3 Kh7 36. Qe1 Qe8 37. Qd2 Nf8 38. Rb6 Ng6 39. fxe5 dxe5 40.
Rb1 Qe6 41. Na4 f4 42. Bf2 fxg3+ 43. Bxg3 Nxg3 44. Nxg3 Nf4 0-1

[Event "4NCL/Div1/MM-WG2"]
[Site "Birmingham ENG"]
[Date "2002.??.??"]
[Round "8.1"]
[White "Ledger, Andrew J"]
[Black "Hillarp Persson, Tiger"]
[Result "1-0"]
[WhiteElo "2399"]
[BlackElo "2456"]
[PlyCount "79"]
[EventDate "2002.??.??"]
[SourceDate "2001.01.01"]

1. e4 g6 2. Nc3 Bg7 3. f4 c5 4. Nf3 Nc6 5. d3 d6 6. Be2 Nf6 7. O-O O-O 8. Qe1
Bg4 9. Be3 Rc8 10. Qh4 Bxf3 11. Bxf3 Nd7 12. Rae1 Nd4 13. Rf2 e6 14. Qh3 b5 15.
g4 b4 16. Nd1 Qa5 17. Ref1 Qxa2 18. Bg2 Qb1 19. f5 Nxc2 20. g5 Rfe8 21. f6 Bf8
22. Bf4 Nd4 23. Nc3 Qxf1+ 24. Bxf1 bxc3 25. bxc3 Nc6 26. Qg3 Nde5 27. Rd2 Red8
28. d4 cxd4 29. cxd4 Nd7 30. Bb5 Ndb8 31. d5 exd5 32. exd5 Na5 33. Ra2 Nc4 34.
Rxa7 Nb6 35. Qb3 N6d7 36. Qh3 Ne5 37. Bxe5 dxe5 38. Rxf7 Rc1+ 39. Kg2 h5 40.
Qe6 1-0

[Event "4NCL/Div1/MM-WG2"]
[Site "Birmingham ENG"]
[Date "2002.??.??"]
[Round "8.2"]
[White "Turner, Matthew J"]
[Black "Williams, Simon K"]
[Result "1/2-1/2"]
[WhiteElo "2502"]
[BlackElo "2375"]
[PlyCount "30"]
[EventDate "2002.??.??"]
[SourceDate "2001.01.01"]

1. e4 e6 2. d4 d5 3. exd5 exd5 4. Bd3 c5 5. Qe2+ Be7 6. dxc5 Nf6 7. Nf3 O-O 8.
Be3 Bg4 9. Nbd2 Re8 10. Nb3 d4 11. Nbxd4 Bxc5 12. Nb3 Bxe3 13. fxe3 Qb6 14. e4
{(=)} Nc6 15. Qf2 Qxf2+ 1/2-1/2

[Event "4NCL/Div1/MM-WG2"]
[Site "Birmingham ENG"]
[Date "2002.??.??"]
[Round "8.3"]
[White "Pert, Nicholas"]
[Black "Martin, Andrew D"]
[Result "0-1"]
[WhiteElo "2451"]
[BlackElo "2443"]
[PlyCount "68"]
[EventDate "2002.??.??"]
[SourceDate "2001.01.01"]

1. d4 Nf6 2. Nf3 d6 3. g3 Nbd7 4. Bg2 e5 5. c4 c6 6. Nc3 Be7 7. O-O O-O 8. d5
Nb6 9. dxc6 bxc6 10. c5 Nbd5 11. Qc2 Qa5 12. cxd6 Bxd6 13. Bd2 Qa6 14. Ng5 h6
15. Nge4 Nxe4 {(=)} 16. Nxe4 Be7 17. Rfe1 Bg4 18. Nc3 Rad8 19. a3 Be6 20. Rac1
Rb8 21. Qa4 Qb7 22. b4 Rfd8 23. Red1 Nb6 24. Qc2 Nc4 25. Nb1 Qa6 26. Bc3 c5 27.
Rxd8+ Rxd8 28. bxc5 Bxc5 29. a4 Bxf2+ 30. Kxf2 Qb6+ 31. e3 Nxe3 32. Qe2 Nc2+
33. Kf1 Bc4 34. Rxc2 Qxb1+ 0-1

[Event "4NCL/Div1/MM-WG2"]
[Site "Birmingham ENG"]
[Date "2002.??.??"]
[Round "8.4"]
[White "Heidenfeld, Mark"]
[Black "Eames, Robert G"]
[Result "0-1"]
[WhiteElo "2370"]
[BlackElo "2327"]
[PlyCount "48"]
[EventDate "2002.??.??"]
[SourceDate "2001.01.01"]

1. e4 e5 2. Nf3 Nc6 3. Bb5 f5 4. d3 fxe4 5. dxe4 Nf6 6. O-O Bc5 7. Bxc6 bxc6 8.
Nxe5 O-O 9. Nd3 Bb6 10. e5 Ne4 11. Qe2 Qh4 12. Be3 d5 13. f3 Ng5 14. Nd2 Ba6
15. Rfe1 Rae8 16. Qf2 Qh5 17. Nc5 Bc8 18. Qg3 Ne6 19. Ndb3 d4 20. Nxe6 Rxe6 21.
Qg5 Qxg5 22. Bxg5 Rg6 23. Be7 Rxf3 24. Bc5 Rxb3 0-1

[Event "4NCL/Div1/MM-WG2"]
[Site "Birmingham ENG"]
[Date "2002.??.??"]
[Round "8.5"]
[White "Pert, Richard G"]
[Black "Littlewood, Paul E"]
[Result "1-0"]
[WhiteElo "2302"]
[BlackElo "2403"]
[PlyCount "163"]
[EventDate "2002.??.??"]
[SourceDate "2001.01.01"]

1. d4 d5 2. c4 e6 3. Nc3 Nf6 4. cxd5 exd5 5. Bg5 Be7 6. e3 c6 7. Bd3 Nbd7 8.
Nge2 O-O 9. Qc2 Re8 10. O-O Nf8 11. Rae1 Be6 12. Ng3 h6 13. Bxf6 Bxf6 14. b4
Qd6 15. Qb3 Nd7 16. f4 Bg4 17. Nd1 Bxd1 18. Rxd1 a5 19. bxa5 Rxa5 20. Nf5 Qe6
21. Rf3 c5 22. Bb1 c4 23. Qc2 Nf8 24. Rg3 Kh8 25. Qe2 Rb5 26. Qh5 Nh7 27. Rh3
Be7 28. Nxh6 gxh6 29. Bf5 Qf6 30. Bd7 Rb2 31. Bxe8 c3 32. Ba4 c2 33. Bxc2 Rxc2
34. Qxd5 Qc6 35. Qxc6 Rxc6 36. d5 Ra6 37. Rb1 Kg7 38. Rxb7 Bd6 39. e4 Bc5+ 40.
Kf1 Rxa2 41. Rg3+ Kf8 42. Rc3 Bd6 43. Rd3 Bc5 44. d6 Rf2+ 45. Ke1 Rxf4 46. d7
Be7 47. d8=Q+ Bxd8 48. Rxd8+ Kg7 49. Rd4 Ng5 50. Rbb4 Rf6 51. Ke2 Ra6 52. Ke3
Ra7 53. Rd2 Re7 54. h4 Ne6 55. Rb5 Ra7 56. Rbd5 Ra3+ 57. R2d3 Ra4 58. Rf5 Nf8
59. g3 Rb4 60. Ra3 Rb7 61. Ra6 Ne6 62. Ra3 Rc7 63. Rfa5 Rc1 64. Ra2 Rc3+ 65.
Kf2 Nc5 66. Re2 Rc4 67. e5 Ne6 68. Ra7 Nd4 69. Re4 Rc2+ 70. Ke3 Ne6 71. Kf3 h5
72. Re1 Rc3+ 73. Kf2 Nc5 74. Re3 Rc2+ 75. Kf1 Rc1+ 76. Kg2 Rc2+ 77. Kh3 Ne6 78.
Rf3 Nc7 79. Rb7 Rc6 80. Rf5 Kg6 81. Rg5+ Kh6 82. Rb8 1-0

[Event "4NCL/Div1/MM-WG2"]
[Site "Birmingham ENG"]
[Date "2002.??.??"]
[Round "8.6"]
[White "Sowray, Peter J"]
[Black "Ledger, David J"]
[Result "1-0"]
[WhiteElo "2302"]
[BlackElo "2298"]
[PlyCount "71"]
[EventDate "2002.??.??"]
[SourceDate "2001.01.01"]

1. d4 f5 2. c4 e6 3. Nc3 Nf6 4. Qc2 b6 5. e3 Bb7 6. f3 Be7 7. Bd3 O-O 8. Nge2
Nh5 9. O-O g6 10. Bd2 d6 11. Rae1 e5 12. Nd5 Nd7 13. Nxe7+ Qxe7 14. Nc3 Qg7 15.
Nd5 Rac8 16. dxe5 Nxe5 17. Bc3 Qf7 18. Rd1 Rce8 19. b3 f4 20. exf4 Nxd3 21.
Qxd3 Nxf4 22. Nxf4 Qxf4 23. Rde1 a5 {(=)} 24. Bb2 Qh6 25. Qd4 g5 26. Re3 Rxe3
27. Qxe3 Qg6 28. Qe7 g4 29. f4 g3 30. hxg3 Qxg3 31. Rf2 Qg6 32. f5 Qg4 33. f6
Qg6 34. f7+ Rxf7 35. Qd8+ Rf8 36. Qxf8# 1-0

[Event "4NCL/Div1/MM-WG2"]
[Site "Birmingham ENG"]
[Date "2002.??.??"]
[Round "8.7"]
[White "Naylor, John"]
[Black "Law, Andrew P"]
[Result "1/2-1/2"]
[WhiteElo "2229"]
[BlackElo "2302"]
[PlyCount "30"]
[EventDate "2002.??.??"]
[SourceDate "2001.01.01"]

1. e4 c5 2. Nf3 Nc6 3. Bb5 g6 4. O-O Bg7 5. c3 Nf6 6. d4 Nxe4 7. d5 Nb8 8. Re1
Nd6 9. Bd3 O-O 10. Bf4 Na6 11. Qe2 Bf6 12. h4 Nc7 13. Bh6 Nxd5 14. Bxf8 Qxf8
15. g3 b6 1/2-1/2

[Event "4NCL/Div1/SLO1-BARB2"]
[Site "Birmingham ENG"]
[Date "2002.??.??"]
[Round "8.1"]
[White "Collinson, Adam"]
[Black "Wells, Peter K"]
[Result "1/2-1/2"]
[WhiteElo "2391"]
[BlackElo "2517"]
[PlyCount "58"]
[EventDate "2002.??.??"]
[SourceDate "2001.01.01"]

1. e4 c5 2. Nf3 Nc6 3. Bb5 g6 4. O-O Bg7 5. c3 Nf6 6. Re1 O-O 7. h3 e5 8. d3 d6
9. Nbd2 Ne8 10. Nf1 Nc7 11. Bxc6 bxc6 12. d4 cxd4 13. cxd4 exd4 14. Nxd4 c5 15.
Nf3 Ne6 16. Ne3 Bb7 17. Nd5 Re8 18. Bd2 Bxd5 19. exd5 Nc7 20. Rxe8+ Qxe8 21.
Ba5 Rc8 22. Qd2 Nb5 23. Re1 Qd7 24. b3 c4 25. bxc4 Na3 26. Bc3 Nxc4 27. Qd3
Bxc3 28. Qxc3 Nb6 29. Qb3 Re8 1/2-1/2

[Event "4NCL/Div1/SLO1-BARB2"]
[Site "Birmingham ENG"]
[Date "2002.??.??"]
[Round "8.2"]
[White "Houska, Jovanka"]
[Black "Shikerov, Stefan"]
[Result "1/2-1/2"]
[WhiteElo "2380"]
[BlackElo "2298"]
[PlyCount "117"]
[EventDate "2002.??.??"]
[SourceDate "2001.01.01"]

1. e4 d5 2. exd5 Nf6 3. Nf3 Nxd5 4. d4 g6 5. c4 Nb6 6. Be2 Bg7 7. O-O O-O 8.
Nc3 Bg4 9. Be3 c6 10. Qb3 Qc7 11. Rfd1 Nc8 12. h3 Bxf3 13. Bxf3 Nd7 14. d5 c5
15. Nb5 Qb6 16. a4 a6 17. a5 Qd8 18. Nc3 Nd6 19. Bf4 Ne5 20. Be2 Rb8 21. Na4
Qxa5 22. Nb6 Qb4 23. Qxb4 cxb4 24. Ra4 Nc8 25. Rxb4 Nxb6 26. Rxb6 Nd7 27. Rb3
Nc5 28. Re3 Rbe8 29. b4 Na4 30. Bg4 f5 31. Bf3 Bc3 32. d6 exd6 33. Bxd6 Rxe3
34. fxe3 Re8 35. Bxb7 Nb2 36. Rf1 Nd3 37. Bxa6 Bxb4 38. Bxb4 Nxb4 39. Bb5 Rxe3
40. Rc1 Nd3 41. Ra1 f4 42. Bc6 g5 43. Bf3 Kg7 44. Kf1 Kf6 45. Be2 Nc5 46. Ra5
Ne4 47. Ra6+ Ke5 48. Bf3 Nd2+ 49. Kf2 Nxc4 50. Rh6 Rb3 51. Rxh7 Rb2+ 52. Kg1
Ne3 53. Rb7 Ra2 54. Rb5+ Kf6 55. Rb6+ Ke7 56. Rb7+ Kf6 57. Rb6+ Ke5 58. Rb5+
Kf6 59. Rb6+ 1/2-1/2

[Event "4NCL/Div1/SLO1-BARB2"]
[Site "Birmingham ENG"]
[Date "2002.??.??"]
[Round "8.3"]
[White "Collins, Sam"]
[Black "McNab, Colin A"]
[Result "0-1"]
[WhiteElo "2299"]
[BlackElo "2425"]
[PlyCount "56"]
[EventDate "2002.??.??"]
[SourceDate "2001.01.01"]

1. e4 g6 2. d4 d6 3. Nc3 Bg7 4. Be3 Nf6 5. Qd2 c6 6. Nf3 Qa5 7. h3 Nbd7 8. Bd3
e5 9. dxe5 dxe5 10. O-O O-O 11. a3 Qc7 12. Rad1 b5 13. Bh6 Nc5 14. Bxg7 Kxg7
15. Qg5 Re8 16. Rfe1 h6 17. Qe3 Qe7 18. Bf1 a5 19. Bd3 Rb8 20. Ne2 b4 21. Ng3
Na4 22. Qc1 bxa3 23. bxa3 Nc3 24. Bc4 Rb1 25. Qd2 Nxd1 26. Rxd1 Rxd1+ 27. Qxd1
Qxa3 28. Qd2 Qb4 0-1

[Event "4NCL/Div1/SLO1-BARB2"]
[Site "Birmingham ENG"]
[Date "2002.??.??"]
[Round "8.4"]
[White "Wohl, Aleksandar H"]
[Black "Berry, Neil"]
[Result "1-0"]
[WhiteElo "2395"]
[BlackElo "2257"]
[PlyCount "81"]
[EventDate "2002.??.??"]
[SourceDate "2001.01.01"]

1. e4 e6 2. d4 d5 3. Nc3 Bb4 4. e5 c5 5. dxc5 Nc6 6. Nf3 Nge7 7. Bd3 Ng6 8. O-O
Bxc5 9. Re1 Bd7 10. a3 Rc8 11. b4 Be7 12. Bb2 O-O 13. Ne2 Qc7 14. Ng3 Nf4 15.
Bf1 f6 16. exf6 Bxf6 17. Bxf6 Rxf6 18. c4 a6 19. Rc1 Qd8 20. Nd4 Nxd4 21. Qxd4
Bc6 22. Rcd1 Qf8 23. f3 Rh6 24. b5 axb5 25. cxb5 Bd7 26. a4 Qf6 27. Qxf6 Rxf6
28. a5 Ra8 29. Ra1 Rf7 30. Nh1 d4 31. Nf2 Rf5 32. a6 bxa6 33. bxa6 Bc8 34. Reb1
Rf7 35. Ne4 d3 36. Nd6 Rc7 37. g3 Ne2+ 38. Bxe2 dxe2 39. Kf2 Kf8 40. a7 e1=Q+
41. Kxe1 1-0

[Event "4NCL/Div1/SLO1-BARB2"]
[Site "Birmingham ENG"]
[Date "2002.??.??"]
[Round "8.5"]
[White "D'Costa, Lorin AR"]
[Black "Thiruchelvam, Thirumurugan"]
[Result "0-1"]
[WhiteElo "2212"]
[BlackElo "2269"]
[PlyCount "96"]
[EventDate "2002.??.??"]
[SourceDate "2001.01.01"]

1. d4 Nf6 2. Nf3 d5 3. c4 e6 4. Nc3 Be7 5. Bg5 O-O 6. e3 Nbd7 7. Qc2 c6 8. cxd5
Nxd5 9. Bxe7 Qxe7 10. Bc4 N5f6 11. O-O e5 12. a3 e4 13. Nd2 Nb6 14. Ba2 Re8 15.
Rae1 Nbd5 16. Nc4 Nxc3 17. bxc3 Be6 18. a4 Nd5 19. Rb1 Rab8 20. Qb2 f6 21. Nd2
f5 22. c4 Nf6 23. a5 Qc7 24. Qc3 Ng4 25. f4 Kh8 26. h3 Nf6 27. Rb2 c5 28. d5
Bf7 29. Bb3 Re7 30. Ba4 h6 31. Rfb1 Kh7 32. Bc6 b6 33. Nb3 Rg8 34. Nc1 Rb8 35.
Qd2 Ne8 36. Bxe8 Rexe8 37. axb6 axb6 38. Ne2 Qd6 39. Nc3 Red8 40. Na4 Be8 41.
Rxb6 Bxa4 42. Rxd6 Rxb1+ 43. Kh2 Rxd6 44. Qa5 Bd1 45. Qxc5 Rg6 46. Qd4 Be2 47.
d6 Bf3 48. gxf3 exf3 0-1

[Event "4NCL/Div1/SLO1-BARB2"]
[Site "Birmingham ENG"]
[Date "2002.??.??"]
[Round "8.6"]
[White "Howell, David WL"]
[Black "Trent, Lawrence"]
[Result "0-1"]
[WhiteElo "2237"]
[BlackElo "2208"]
[PlyCount "104"]
[EventDate "2002.??.??"]
[SourceDate "2001.01.01"]

1. e4 g6 2. d4 Bg7 3. Nc3 c6 4. Nf3 d5 5. h3 Nh6 6. Bd3 f6 7. Qe2 Nf7 8. Bf4
O-O 9. O-O-O e5 10. Bg3 exd4 11. Nxd4 Re8 12. Rhe1 f5 13. e5 Nxe5 14. Bxf5 gxf5
15. f4 Bd7 16. fxe5 Qg5+ 17. Kb1 Qxg3 18. e6 Bxd4 19. Qh5 Rxe6 20. Rxe6 Bxe6
21. Qe8+ Kg7 22. Qe7+ Bf7 23. Qxb7 Bxc3 24. bxc3 Qxc3 25. Qxa8 Qb4+ 26. Ka1 Qb6
27. Rb1 Qd4+ 28. Rb2 Na6 29. Qxc6 Nc5 30. Qc7 Na4 31. Qg3+ Bg6 32. c3 Qxc3 33.
Qxc3+ Nxc3 34. Rb7+ Kf6 35. Rxa7 f4 36. a4 Be4 37. a5 Bxg2 38. a6 d4 39. Rd7
Ne2 40. a7 Be4 41. Rd6+ Ke7 42. Rb6 f3 43. Rb1 Kd6 44. Rb6+ Ke5 45. Rb8 Nf4 46.
Rb1 f2 47. Rf1 Nxh3 48. Rd1 Kf4 49. Kb2 Ke3 50. Kb3 Nf4 51. Kc4 h5 52. Kc5 d3
0-1